Loading...
| History - Other | 0 | 3 | 0 | 0 | 30 | 77 | 109.00 | 0 | 0 | 4.12 | 9.09 |
| History - World | 0 | 4 | 2 | 3 | 30 | 119 | 128.00 | 0 | 0 | 0.91 | 10.23 |
| History - American | 0 | 3 | 1 | 1 | 25 | 44 | 73.33 | 0 | 2 | 11.50 | 17.05 |
| History - European | 0 | 3 | 1 | 2 | 25 | 70 | 111.67 | 0 | 2 | 3.92 | 9.09 |
| Social Science | 0 | 2 | 0 | 1 | 20 | 64 | 87.00 | 0 | 0 | 3.60 | 5.68 |
| Philosophy | 0 | 2 | 0 | 0 | 20 | 103 | 114.00 | 0 | 0 | 0.58 | 4.55 |
| Science - Other | 0 | 2 | 1 | 0 | 15 | 42 | 43.50 | 2 | 2 | 11.43 | 18.18 |
| Religion | 0 | 2 | 1 | 1 | 15 | 99 | 112.00 | 0 | 0 | 1.53 | 5.68 |
| Literature - European | 0 | 1 | 0 | 0 | 10 | 84 | 84.00 | 0 | 1 | 3.13 | 5.68 |
| Mythology | 0 | 1 | 1 | 0 | 5 | 132 | 132.00 | 0 | 0 | 0.00 | 4.55 |
| Literature - American | 0 | 1 | 1 | 1 | 5 | 123 | 123.00 | 0 | 0 | 0.00 | 1.14 |
| Popular Culture | 0 | 1 | 1 | 0 | 5 | 74 | 74.00 | 0 | 0 | 16.55 | 12.50 |
| Literature - World | 0 | 0 | 0 | 0 | 0 | 0.00 | 0 | 0 | 0.00 | 0.00 | |
| Science - Chemistry | 0 | 0 | 1 | 0 | -5 | 0.00 | 0 | 0 | 0.00 | 0.00 | |
| Fine Arts - Other | 0 | 0 | 1 | 0 | -5 | 0.00 | 0 | 0 | 0.00 | 0.00 |